Đánh giá thực trạng tái chế nhựa tại các cơ sở sản xuất vừa hoặc nhỏ tại huyện Bình Chánh, Thành phố Hồ Chí Minh và đề xuất giải pháp chuyển đổi công nghệ để tham gia kinh tế tuần hoàn : Luận văn thạc sĩ - Chuyên ngành : Quản lý Tài nguyên và Môi trường

Đã lưu trong:
Bibliografiske detaljer
Những tác giả chính:  Đánh giá thực trạng tái chế nhựa tại các cơ sở sản xuất vừa hoặc nhỏ tại huyện Bình Chánh, Thành phố Hồ Chí Minh và đề xuất giải pháp chuyển đổi công nghệ để tham gia kinh tế tuần hoàn : Luận văn thạc sĩ - Chuyên ngành : Quản lý Tài nguyên và Môi trường,  Nguyễn, Minh Phương
Format: Luận văn
Sprog:Undetermined
Udgivet:  Đại học Công nghiệp TP. Hồ Chí Minh  2023
Fag:
Tags: Tilføj Tag
Ingen Tags, Vær først til at tagge denne postø!
Thư viện lưu trữ: Trung tâm Thư viện - Trường Đại học Công nghiệp TP. Hồ Chí Minh
LEADER 01288nam a2200157Ia 4500
001 UIH_08559
008 241002s9999 xx 000 0 und d
082 |a  628 
100 |a  Đánh giá thực trạng tái chế nhựa tại các cơ sở sản xuất vừa hoặc nhỏ tại huyện Bình Chánh, Thành phố Hồ Chí Minh và đề xuất giải pháp chuyển đổi công nghệ để tham gia kinh tế tuần hoàn : Luận văn thạc sĩ - Chuyên ngành : Quản lý Tài nguyên và Môi trường 
100 |a  Nguyễn, Minh Phương 
245 0 |a  Đánh giá thực trạng tái chế nhựa tại các cơ sở sản xuất vừa hoặc nhỏ tại huyện Bình Chánh, Thành phố Hồ Chí Minh và đề xuất giải pháp chuyển đổi công nghệ để tham gia kinh tế tuần hoàn : Luận văn thạc sĩ - Chuyên ngành : Quản lý Tài nguyên và Môi trường 
260 |b  Đại học Công nghiệp TP. Hồ Chí Minh 
260 |c  2023 
650 |a Quản lý môi trường 
927 |a Luận văn 
980 |a Trung tâm Thư viện - Trường Đại học Công nghiệp TP. Hồ Chí Minh